Educadores resilientes, escuelas resilientes. Construir y sostener la calidad educativa en tiempos difíciles
Gardado en:
| Main Authors: | , |
|---|---|
| Formato: | Libro |
| Idioma: | Lingua castelá |
| Publicado: |
Madrid, España
Narcea S. A de Ediciones
2015
|
| Subjects: | |
| Acceso en liña: | Disponible Online |
| Tags: |
Engadir etiqueta
Sen Etiquetas, Sexa o primeiro en etiquetar este rexistro!
|
MARC
| LEADER | 00000cam a2200000 a 4500 | ||
|---|---|---|---|
| 001 | UCD0977 | ||
| 003 | CL-VaPUC | ||
| 005 | 20210907165315.0 | ||
| 008 | 151231e20150000sp |||||||||||||||||spa|d | ||
| 999 | |c 362409 |d 362407 | ||
| 020 | |a 9788427721029 | ||
| 040 | |c Pontificia Universidad Católica de Valparaíso | ||
| 082 | 0 | 4 | |a 371.46 DAY 2015 |2 21 |
| 100 | 0 | |a Day, Christopher |e author |9 64 | |
| 245 | 1 | 0 | |a Educadores resilientes, escuelas resilientes. |b Construir y sostener la calidad educativa en tiempos difíciles |
| 260 | |a Madrid, España |b Narcea S. A de Ediciones |c 2015 | ||
| 300 | |a 237 páginas | ||
| 500 | |a c.2. Donación VRA- N. Vásquez | ||
| 583 | |a last modification |c 20151231 00:35:00 |k Rodrigo Vera | ||
| 650 | 0 | |a Resiliencia |9 484834 | |
| 650 | 0 | |a Sociología de la educación |9 260380 | |
| 650 | 0 | |a Problemas sociales |9 258537 | |
| 700 | 0 | |a Gu, Qing |e author |9 584036 | |
| 856 | |u http://bibliografiadigital.pucv.cl.pucv.idm.oclc.org/index.php/bibliotecapucv/catalog/book/736 |y Disponible Online | ||
| 942 | |c BK |2 ddc | ||
| 945 | |d 20151231 00:35:00 |a dcastane | ||
| 952 | |0 0 |1 0 |3 erb |4 0 |6 371_460000000000000_DAY_2015 |7 0 |8 A |9 473657 |a BIBHIS |b BIBHIS |i 5259657 |o 371.46 DAY 2015 |p 5259657 |r 2025-01-20 |w 2019-11-24 |y BK |z Catalogado en:20151231 |k HIS | ||
| 952 | |0 0 |1 0 |2 ddc |4 0 |6 371_460000000000000_DAY_2015 |7 0 |8 A |9 577783 |a BIBHIS |b BIBHIS |d 2021-05-18 |i 5620880 |o 371.46 DAY 2015 |p 5620880 |r 2025-01-20 |t 2 |w 2021-05-18 |y BK |k HIS | ||